[Event "Memorial Day Classic"]
[Site "Ontario"]
[Date "2017.05.27"]
[Round "2"]
[White "Lokesh, P."]
[Black "Ge, Anthony"]
[Result "1-0"]
[WhiteElo "2232"]
[BlackElo "2043"]
[PlyCount "67"]
[EventDate "2017.05.27"]
[EventType "swiss"]
[EventRounds "6"]
[EventCountry "USA"]
[SourceTitle "CBM 178 Extra"]
[Source "ChessBase"]
[SourceDate "2017.06.22"]
[SourceVersion "1"]
[SourceVersionDate "2017.06.22"]
[SourceQuality "1"]

1. e4 c5 2. Nf3 Nc6 3. Nc3 g6 4. Bc4 Bg7 5. 0-0 d6 6. d3 e6 7. Bg5 Nge7 8. Qd2 h6 9. Bf4 Nd4 10. Nxd4 cxd4 11. Ne2 e5 12. Bg3 0-0 13. f4 d5 14. Bb3 dxe4 15. dxe4 exf4 16. Nxf4 Kh7 17. Nd3 Be6 18. Be5 Bxb3 19. Bxg7 Kxg7 20. axb3 Nc6 21. Nf4 Qg5 22. Rae1 Rad8 23. Rf3 Qa5 24. Qf2 Qe5 25. Nd3 Qe7 26. Rf1 Rd7 27. Nf4 Qxe4 28. Nxg6 Kxg6 29. Re1 Qd5 30. Rg3+ Kh7 31. Qf6 Rg8 32. Rxg8 Kxg8 33. Re8+ Kh7 34. Rh8# 1-0

[Event "Chennai op 7th"]
[Site "Chennai"]
[Date "2015.01.05"]
[Round "9"]
[White "Lokesh, P."]
[Black "Evdokimov, Alexander A"]
[Result "0-1"]
[WhiteElo "2251"]
[BlackElo "2538"]
[PlyCount "76"]
[EventDate "2014.12.30"]
[EventType "swiss"]
[EventRounds "10"]
[EventCountry "IND"]
[SourceTitle "CBM 164 Extra"]
[Source "ChessBase"]
[SourceDate "2015.03.02"]
[SourceVersion "1"]
[SourceVersionDate "2015.03.02"]
[SourceQuality "1"]

1. e4 c5 2. Nf3 d6 3. d4 cxd4 4. Nxd4 Nf6 5. Nc3 Nc6 6. Bg5 e6 7. Qd2 a6 8. 0-0-0 Bd7 9. f3 Rc8 10. Kb1 b5 11. Nxc6 Bxc6 12. Qe1 Qc7 13. Bd3 Bb7 14. Bf4 Nd7 15. a3 Be7 16. Qg3 0-0 17. Bg5 Bxg5 18. Qxg5 Ne5 19. Rhe1 Qb6 20. f4 Nc4 21. Bxc4 Rxc4 22. f5 f6 23. Qd2 b4 24. axb4 Rxb4 25. b3 Re8 26. fxe6 Rxe6 27. Nd5 Bxd5 28. Qxd5 Kf7 29. Qh5+ Kf8 30. Kb2 Re5 31. Qxh7 Rxb3+ 32. cxb3 Qf2+ 33. Kc3 Rc5+ 34. Kd3 Qc2+ 35. Ke3 Rc3+ 36. Kf4 Qf2+ 37. Kg4 Qxg2+ 38. Kf5 Qg5+ 0-1

[Event "Wch U20 53rd"]
[Site "Pune"]
[Date "2014.10.15"]
[Round "9"]
[White "Lokesh, P."]
[Black "Deepthamsh, Reddy M"]
[Result "1-0"]
[WhiteElo "2303"]
[BlackElo "2071"]
[PlyCount "81"]
[EventDate "2014.10.06"]
[EventType "swiss"]
[EventRounds "13"]
[EventCountry "IND"]
[SourceTitle "EXT 2015"]
[Source "ChessBase"]
[SourceDate "2014.11.20"]
[SourceVersion "1"]
[SourceVersionDate "2014.11.20"]
[SourceQuality "1"]

1. e4 c5 2. Nf3 d6 3. d4 cxd4 4. Nxd4 Nf6 5. Nc3 a6 6. Be2 e5 7. Nb3 Be7 8. 0-0 0-0 9. Kh1 b6 10. Be3 Bb7 11. f3 b5 12. a4 b4 13. Nd5 Nxd5 14. exd5 Nd7 15. c3 bxc3 16. bxc3 Rc8 17. c4 Bg5 18. Bf2 Qc7 19. a5 Ba8 20. c5 Nxc5 21. Nxc5 dxc5 22. Bxa6 Rb8 23. Qd3 Rb2 24. Be1 c4 25. Bxc4 Rc8 26. Bc3 Rbb8 27. Ra4 Qd7 28. Rfa1 Bxd5 29. Bxd5 Qxa4 30. Rxa4 Rxc3 31. Qf1 Rc1 32. Qxc1 Bxc1 33. g3 Be3 34. a6 Rb1+ 35. Kg2 Rb2+ 36. Kf1 Ba7 37. Rc4 h5 38. Rc7 Bb6 39. a7 Bxa7 40. Rxa7 Rxh2 41. Kg1 1-0

[Event "Wch U20 53rd"]
[Site "Pune"]
[Date "2014.10.12"]
[Round "7"]
[White "Lokesh, P."]
[Black "Manigandan, SS."]
[Result "1-0"]
[WhiteElo "2303"]
[BlackElo "2099"]
[PlyCount "157"]
[EventDate "2014.10.06"]
[EventType "swiss"]
[EventRounds "13"]
[EventCountry "IND"]
[SourceTitle "EXT 2015"]
[Source "ChessBase"]
[SourceDate "2014.11.20"]
[SourceVersion "1"]
[SourceVersionDate "2014.11.20"]
[SourceQuality "1"]

1. e4 e6 2. d4 d5 3. Nd2 Nf6 4. e5 Nfd7 5. Bd3 c5 6. c3 Nc6 7. Ne2 cxd4 8. cxd4 f6 9. exf6 Qxf6 10. Nf3 h6 11. 0-0 Bd6 12. Bc2 0-0 13. Be3 Rd8 14. Qd2 Nf8 15. Bf4 Bxf4 16. Nxf4 Bd7 17. Rfe1 Be8 18. Ba4 Rac8 19. h3 b6 20. Bxc6 Bxc6 21. Ne5 Be8 22. Rac1 Qf5 23. Ne2 Ng6 24. Nxg6 Bxg6 25. Nf4 Rxc1 26. Qxc1 Re8 27. a3 Rf8 28. g3 Bf7 29. Re5 Qf6 30. h4 Kh8 31. h5 Re8 32. Qc7 Re7 33. Qc3 Re8 34. Qe3 Kh7 35. Kg2 Rf8 36. Nxe6 Rc8 37. Nf4 Rd8 38. Re7 a5 39. Re5 Rd6 40. Re7 Qf5 41. Qe5 Rf6 42. Qxf5+ Rxf5 43. Rd7 Be8 44. Rd6 Rf6 45. Rxf6 gxf6 46. Kf3 Kg7 47. Ke3 Bf7 48. g4 f5 49. f3 Kf6 50. Nh3 Be6 51. Kf4 fxg4 52. fxg4 Bf7 53. Ng1 Be8 54. Ne2 a4 55. Nc3 Bc6 56. Na2 Ba8 57. Nb4 Bb7 58. Nd3 Bc6 59. Ne5 Be8 60. Nf3 Bf7 61. Ne5 Be8 62. Kg3 Kg5 63. Nf3+ Kf6 64. Kh4 Bb5 65. g5+ hxg5+ 66. Nxg5 Bd3 67. h6 Bf5 68. h7 Bxh7 69. Nxh7+ Kf5 70. Ng5 Kf4 71. Ne6+ Ke3 72. Kg5 Kd3 73. Kf5 Kc2 74. Nc7 Kxb2 75. Nb5 Kb3 76. Ke5 Kc4 77. Nd6+ Kb3 78. Kxd5 Kxa3 79. Nb5+ 1-0

[Event "Wch U20 53rd"]
[Site "Pune"]
[Date "2014.10.09"]
[Round "4"]
[White "Rahul, Srivatshav P"]
[Black "Lokesh, P."]
[Result "1-0"]
[WhiteElo "2061"]
[BlackElo "2303"]
[PlyCount "135"]
[EventDate "2014.10.06"]
[EventType "swiss"]
[EventRounds "13"]
[EventCountry "IND"]
[SourceTitle "EXT 2015"]
[Source "ChessBase"]
[SourceDate "2014.11.20"]
[SourceVersion "1"]
[SourceVersionDate "2014.11.20"]
[SourceQuality "1"]

1. d4 Nf6 2. Bf4 e6 3. e3 b6 4. Nf3 Bb7 5. Bd3 Be7 6. h3 0-0 7. Nbd2 c5 8. c3 d6 9. 0-0 Re8 10. Qe2 Nbd7 11. Rad1 Qc7 12. Bh2 Bf8 13. e4 e5 14. dxe5 dxe5 15. Bc4 h6 16. Rfe1 Bc6 17. Bb5 Bxb5 18. Qxb5 a6 19. Qe2 b5 20. Nf1 Qb7 21. Qc2 c4 22. Ne3 Nc5 23. Nd5 Nxd5 24. Rxd5 f6 25. Red1 Rac8 26. a3 Qf7 27. Ne1 Rb8 28. Qe2 Qg6 29. f3 Rbc8 30. Kh1 Ne6 31. Qd2 Rb8 32. Nc2 Rec8 33. Rd7 Nc5 34. Rd5 Na4 35. Qc1 Nc5 36. Qd2 Qe8 37. Bg3 Na4 38. Qc1 Nc5 39. Qd2 Kh7 40. Bh2 Qg6 41. Ne1 Qg5 42. Qe2 Qg6 43. Qd2 a5 44. Nc2 Qe8 45. Bg3 Na4 46. Qc1 b4 47. axb4 axb4 48. Be1 b3 49. Ne3 Ra8 50. Nf5 Nc5 51. Ne3 Ra4 52. Qd2 Rca8 53. Bh4 Qh5 54. Bg3 Qg5 55. Kh2 h5 56. h4 Qg6 57. Qe2 Qe8 58. f4 exf4 59. Bxf4 Nd3 60. Bg3 Qxe4 61. Qxh5+ Kg8 62. Nf5 Qe8 63. Qg4 Kh8 64. Bd6 Nf2 65. Qf3 Nxd1 66. Bxf8 Qxf8 67. Qh5+ Kg8 68. Rd7 1-0

[Event "Mumbai Mayors Cup 7th"]
[Site "Mumbai"]
[Date "2014.06.03"]
[Round "2"]
[White "Lokesh, P."]
[Black "Timoshenko, Georgy"]
[Result "0-1"]
[WhiteElo "2295"]
[BlackElo "2516"]
[PlyCount "104"]
[EventDate "2014.06.02"]
[EventType "swiss"]
[EventRounds "10"]
[EventCountry "IND"]
[SourceTitle "CBM 160 Extra"]
[Source "ChessBase"]
[SourceDate "2014.07.01"]
[SourceVersion "1"]
[SourceVersionDate "2014.07.01"]
[SourceQuality "1"]

1. e4 e6 2. d4 d5 3. Nd2 c5 4. exd5 exd5 5. Ngf3 Nf6 6. Bb5+ Bd7 7. Qe2+ Be7 8. dxc5 0-0 9. Nb3 Re8 10. 0-0 Bxc5 11. Qd3 Qb6 12. a4 a6 13. Nxc5 Qxc5 14. Bxd7 Nbxd7 15. Be3 Qc7 16. h3 Rac8 17. Nd4 Re4 18. Qd1 Rce8 19. Ra3 g6 20. Nf3 Rc4 21. c3 Rce4 22. Ra1 h5 23. Qd2 Qd6 24. Rfd1 Rc8 25. Ng5 Re7 26. Nf3 Nc5 27. Bxc5 Qxc5 28. Qf4 Kg7 29. Nd4 Ne4 30. f3 Nd6 31. Kh1 Rce8 32. Qg3 Kg8 33. Re1 Nc4 34. b4 Qc8 35. Rxe7 Rxe7 36. Qg5 Re5 37. Qf6 Qe8 38. f4 Re1+ 39. Rxe1 Qxe1+ 40. Kh2 Nd2 41. Qd8+ Kg7 42. f5 h4 43. f6+ Kh7 44. Nf3 Qg3+ 45. Kh1 Nxf3 46. gxf3 Qxh3+ 47. Kg1 Qg3+ 48. Kf1 Qxf3+ 49. Ke1 h3 50. Qd7 h2 51. Qxf7+ Kh6 52. Qf8+ Kg5 0-1

[Event "IND-chB 52nd"]
[Site "Dharamshala"]
[Date "2014.05.19"]
[Round "13"]
[White "Lokesh, P."]
[Black "Anurag, Mhamal"]
[Result "0-1"]
[WhiteElo "2253"]
[BlackElo "2420"]
[PlyCount "80"]
[EventDate "2014.05.09"]
[EventType "swiss"]
[EventRounds "13"]
[EventCountry "IND"]
[SourceTitle "CBM 160 Extra"]
[Source "ChessBase"]
[SourceDate "2014.07.01"]
[SourceVersion "1"]
[SourceVersionDate "2014.07.01"]
[SourceQuality "1"]

1. e4 e5 2. Nf3 Nc6 3. Bb5 a6 4. Ba4 Nf6 5. 0-0 Be7 6. Re1 b5 7. Bb3 d6 8. c3 0-0 9. h3 Nb8 10. d4 Nbd7 11. Nbd2 Bb7 12. Bc2 Re8 13. Nf1 Bf8 14. Ng3 g6 15. a4 c6 16. Bd3 Qc7 17. Bg5 Bg7 18. Qd2 Nf8 19. Bh6 Ne6 20. Bxg7 Kxg7 21. Ne2 Rad8 22. Ng5 d5 23. exd5 Nxg5 24. Qxg5 e4 25. Bc2 Rxd5 26. Qg3 Qd8 27. b3 Rd7 28. c4 bxc4 29. bxc4 Qa5 30. Qe3 Qb4 31. Bb3 a5 32. Rec1 Ba6 33. Rc3 Nh5 34. g4 Nf6 35. Ng3 h6 36. Rb1 Qd6 37. g5 hxg5 38. Qxg5 Qe6 39. c5 Qxh3 40. Ne2 e3 0-1

[Event "Gurgaon op 2nd"]
[Site "Gurgaon"]
[Date "2014.01.02"]
[Round "3"]
[White "Sanikidze, Tornike"]
[Black "Lokesh, P."]
[Result "1-0"]
[WhiteElo "2541"]
[BlackElo "2249"]
[PlyCount "41"]
[EventDate "2014.01.01"]
[EventType "swiss"]
[EventRounds "10"]
[EventCountry "IND"]
[SourceTitle "CBM 158 Extra"]
[Source "ChessBase"]
[SourceDate "2014.02.28"]
[SourceVersion "1"]
[SourceVersionDate "2014.02.28"]
[SourceQuality "1"]

1. d4 Nf6 2. c4 e6 3. Nc3 Bb4 4. Qb3 c5 5. Nf3 Nc6 6. a3 Qa5 7. e3 Ne4 8. Bd3 cxd4 9. Bxe4 dxc3 10. axb4 Qxa1 11. 0-0 0-0 12. bxc3 Qa6 13. b5 Qb6 14. c5 Na5 15. Bxh7+ Kh8 16. Qb4 Qd8 17. Bc2 f5 18. e4 b6 19. exf5 bxc5 20. Qg4 exf5 21. Qh5+ 1-0

[Event "Kolkata op 6th"]
[Site "Kolkata"]
[Date "2013.12.06"]
[Round "1"]
[White "Lokesh, P."]
[Black "Babujian, Levon"]
[Result "0-1"]
[WhiteElo "2241"]
[BlackElo "2512"]
[PlyCount "136"]
[EventDate "2013.12.06"]
[EventType "swiss"]
[EventRounds "10"]
[EventCountry "IND"]
[SourceTitle "CBM 157 Extra"]
[Source "ChessBase"]
[SourceDate "2013.12.19"]
[SourceVersion "1"]
[SourceVersionDate "2013.12.19"]
[SourceQuality "1"]

1. e4 c5 2. Nf3 d6 3. d4 cxd4 4. Nxd4 a6 5. c4 Nf6 6. Nc3 e6 7. Bd3 Be7 8. 0-0 0-0 9. Qe2 Nc6 10. Nf3 b6 11. Rd1 Qc7 12. Bf4 Ng4 13. Rac1 Nce5 14. b3 Bb7 15. h3 Nxf3+ 16. Qxf3 Ne5 17. Qg3 Rac8 18. Bb1 Qb8 19. Bg5 Bxg5 20. Qxg5 Rfd8 21. Qd2 h6 22. f4 Ng6 23. f5 Ne5 24. f6 Qc7 25. fxg7 Kxg7 26. Ne2 Qe7 27. Rc3 Kh7 28. Rg3 b5 29. cxb5 axb5 30. Nf4 b4 31. Nh5 Rg8 32. Qxd6 Qxd6 33. Nf6+ Kh8 34. Rxg8+ Rxg8 35. Rxd6 Rc8 36. Rd1 Kg7 37. Nh5+ Kf8 38. Kf2 Ke7 39. Nf4 Ba6 40. Bd3 Nxd3+ 41. Nxd3 Rc2+ 42. Kg1 Bb7 43. Nxb4 Re2 44. Kf1 Rxe4 45. Nd3 Rd4 46. Nf2 Rf4 47. Kg1 h5 48. Nd3 Rd4 49. Nf2 Rf4 50. Nd3 Rf5 51. h4 Ra5 52. a4 Bd5 53. Nb4 Bb7 54. Nd3 Be4 55. Nb4 f5 56. Rc1 Ra8 57. Kf2 Kd6 58. Rd1+ Ke7 59. Rc1 e5 60. g3 Ke6 61. Rc7 Rd8 62. a5 Rd2+ 63. Kf1 Kd6 64. Rg7 Rb2 65. Rg6+ Kc5 66. Na6+ Kd4 67. Ke1 Ke3 68. Rd6 Bf3 0-1

[Event "IND-ch U19 43rd"]
[Site "Lucknow"]
[Date "2013.07.13"]
[Round "6"]
[White "Krishna Teja, N."]
[Black "Lokesh, P."]
[Result "0-1"]
[WhiteElo "2182"]
[BlackElo "2239"]
[PlyCount "142"]
[EventDate "2013.07.10"]
[EventType "swiss"]
[EventRounds "11"]
[EventCountry "IND"]
[SourceTitle "CBM 155 Extra"]
[Source "ChessBase"]
[SourceDate "2013.08.26"]
[SourceVersion "1"]
[SourceVersionDate "2013.08.26"]
[SourceQuality "1"]

1. Nf3 Nf6 2. c4 e6 3. g3 d5 4. Bg2 d4 5. 0-0 c5 6. b4 cxb4 7. a3 d3 8. e3 Nc6 9. Bb2 bxa3 10. Bxa3 Bxa3 11. Rxa3 Ne4 12. Nd4 Nxd4 13. Bxe4 Nc6 14. Rxd3 Qc7 15. Na3 a6 16. Qa4 0-0 17. Bxc6 bxc6 18. c5 a5 19. Rb1 Qe5 20. Rc3 Qd5 21. Nc4 Qf5 22. Qc2 Qxc2 23. Rxc2 Ba6 24. Nb2 e5 25. Ra1 Bb5 26. d3 Rfd8 27. Ra3 f6 28. f3 Kf7 29. Kf2 Ke6 30. Ke2 Rd5 31. Rcc3 f5 32. Kf2 f4 33. gxf4 exf4 34. d4 fxe3+ 35. Rxe3+ Kf6 36. Re4 a4 37. Ke3 Rh5 38. h4 g5 39. hxg5+ Rxg5 40. Nd1 Bc4 41. Nc3 Bb3 42. Rh4 Kg6 43. Kf2 h5 44. Ne4 Rd5 45. Ke3 Re8 46. Rh2 Rf5 47. Ra1 Ref8 48. Rh3 Ra8 49. Rg1+ Kh6 50. Nd6 Rg5 51. Rgh1 Bd5 52. R1h2 Rag8 53. Ne4 Rf5 54. Nc3 Re8+ 55. Kf2 Bb3 56. Ne2 Bd1 57. Nc3 Bb3 58. Ne2 Bd1 59. Nc3 a3 60. Rh1 Bb3 61. Ne2 Bd5 62. Nc3 Bc4 63. Rh4 a2 64. Ne4 Rb8 65. Ng3 Rb2+ 66. Ke3 Rb3+ 67. Kd2 Rg5 68. R4h3 Rb1 69. f4 Rxg3 70. Rxh5+ Kg7 71. Rh7+ Kf8 0-1

[Event "IND-ch U19 43rd"]
[Site "Lucknow"]
[Date "2013.07.11"]
[Round "3"]
[White "Lokesh, P."]
[Black "Yashas, Devappa"]
[Result "1-0"]
[WhiteElo "2239"]
[BlackElo "2169"]
[PlyCount "61"]
[EventDate "2013.07.10"]
[EventType "swiss"]
[EventRounds "11"]
[EventCountry "IND"]
[SourceTitle "CBM 155 Extra"]
[Source "ChessBase"]
[SourceDate "2013.08.26"]
[SourceVersion "1"]
[SourceVersionDate "2013.08.26"]
[SourceQuality "1"]

1. e4 c5 2. Nf3 Nc6 3. Nc3 e5 4. Bc4 d6 5. d3 Be7 6. 0-0 Nf6 7. Ng5 0-0 8. f4 exf4 9. Bxf4 h6 10. Nf3 Be6 11. Nd5 Bxd5 12. Bxd5 Nxd5 13. exd5 Ne5 14. Bxe5 dxe5 15. c4 Bd6 16. Nd2 g6 17. g4 Kh7 18. Kh1 f5 19. gxf5 gxf5 20. Qe2 Qh4 21. Rf2 Rae8 22. Raf1 Qg5 23. Rg1 Qh4 24. Rgf1 Qg5 25. Rf3 b6 26. Rg3 Qh4 27. Qg2 e4 28. Rg7+ Kh8 29. Rg1 Be5 30. d6 Bxd6 31. Rh7+ 1-0

[Event "Chennai op 5th"]
[Site "Chennai"]
[Date "2013.01.23"]
[Round "11"]
[White "Prasanna Raghuram, Rao"]
[Black "Lokesh, P."]
[Result "1-0"]
[WhiteElo "2419"]
[BlackElo "2198"]
[PlyCount "145"]
[EventDate "2013.01.16"]
[EventType "swiss"]
[EventRounds "11"]
[EventCountry "IND"]
[SourceTitle "CBM 152 Extra"]
[Source "ChessBase"]
[SourceDate "2013.02.25"]
[SourceVersion "1"]
[SourceVersionDate "2013.02.25"]
[SourceQuality "1"]

1. e4 c5 2. Nf3 d6 3. Bb5+ Bd7 4. Bxd7+ Qxd7 5. 0-0 Nc6 6. Qe2 Nf6 7. Rd1 e6 8. d4 cxd4 9. Nxd4 Be7 10. b3 0-0 11. Bb2 Nxd4 12. Rxd4 Qc6 13. Rc4 Qd7 14. Rd4 Qc6 15. Nc3 Rfd8 16. Rad1 Rac8 17. R1d2 a6 18. h3 b5 19. a4 Rb8 20. e5 Nd7 21. axb5 axb5 22. exd6 Bf6 23. R4d3 Nc5 24. Rg3 Kh8 25. Rf3 b4 26. Na4 Bxb2 27. Nxb2 f6 28. Nc4 e5 29. Re3 Ne6 30. Qf3 Qa6 31. Qg4 Nd4 32. Rxd4 exd4 33. Qxd4 Qb7 34. Qg4 Re8 35. Rd3 Rbd8 36. Ne3 Rd7 37. Rd4 Qc6 38. Nc4 Rdd8 39. Qf4 Rd7 40. Qf5 Rdd8 41. Rh4 h6 42. Rd4 Qa8 43. Qf4 Qb7 44. Ne3 Qc6 45. Qg3 Qc3 46. Qf4 Re5 47. Rd3 Qc5 48. Nc4 Ree8 49. Qd2 Qg5 50. Ne3 Qc5 51. Qd1 Re4 52. Rd5 Qc3 53. Kh2 Rd7 54. Qf3 Re6 55. Qf4 Qc6 56. Rd4 Rexd6 57. Rc4 Qb6 58. Rxb4 Qc7 59. c4 g5 60. Qg3 h5 61. Kg1 h4 62. Qf3 Ra6 63. Ra4 Rxa4 64. Qxf6+ Kh7 65. Qf5+ Kh8 66. bxa4 Qd8 67. Qe5+ Kh7 68. Nd5 Ra7 69. Qe4+ Kh6 70. c5 Rd7 71. Ne3 Rc7 72. c6 Qf6 73. Ng4+ 1-0

[Event "Chennai op 5th"]
[Site "Chennai"]
[Date "2013.01.22"]
[Round "10"]
[White "Lokesh, P."]
[Black "Czebe, Attila"]
[Result "1/2-1/2"]
[WhiteElo "2198"]
[BlackElo "2494"]
[PlyCount "154"]
[EventDate "2013.01.16"]
[EventType "swiss"]
[EventRounds "11"]
[EventCountry "IND"]
[SourceTitle "CBM 152 Extra"]
[Source "ChessBase"]
[SourceDate "2013.02.25"]
[SourceVersion "1"]
[SourceVersionDate "2013.02.25"]
[SourceQuality "1"]

1. e4 c5 2. Nf3 b6 3. c4 Bb7 4. Nc3 Nf6 5. e5 Ng4 6. h3 Nh6 7. Bd3 g6 8. 0-0 Bg7 9. Re1 0-0 10. Be4 Bxe4 11. Rxe4 Nc6 12. d4 cxd4 13. Nxd4 Rc8 14. Rh4 Nxd4 15. Bxh6 Bxh6 16. Rxd4 Qc7 17. Qe2 Bg7 18. Re4 Qb7 19. Rd1 f5 20. exf6 Bxf6 21. Nd5 e6 22. Nxf6+ Rxf6 23. Red4 Rf7 24. Qd3 Rc7 25. h4 b5 26. cxb5 d5 27. a4 Qb6 28. Qe2 Rf5 29. b3 Rcf7 30. a5 Qd6 31. f3 Rf4 32. Qf2 R4f5 33. Rc4 Rf4 34. Rc6 Qb4 35. Rxe6 Qxb3 36. Re8+ Kg7 37. Qe2 Kh6 38. Re1 Qb4 39. a6 Qc5+ 40. Qe3 d4 41. Qe5 R4f5 42. Qxc5 Rxc5 43. R1e7 Rxe7 44. Rxe7 d3 45. Kf2 Rxb5 46. Rxa7 Rb2+ 47. Ke3 Rxg2 48. Kxd3 Ra2 49. Ke4 Ra4+ 50. Ke5 Rxh4 51. Rc7 Ra4 52. a7 g5 53. Kd5 Kg6 54. Kc5 Ra1 55. Kb5 Rb1+ 56. Kc6 Rc1+ 57. Kb7 Rb1+ 58. Kc8 Ra1 59. Kb8 h5 60. a8Q Rxa8+ 61. Kxa8 Kf5 62. Rf7+ Ke5 63. Kb7 g4 64. f4+ Ke6 65. Rf8 g3 66. f5+ Ke7 67. Rg8 Kf6 68. Rxg3 Kxf5 69. Kc6 h4 70. Rg8 Kf4 71. Kd5 h3 72. Rh8 Kg3 73. Ke4 h2 74. Ke3 Kg2 75. Rg8+ Kf1 76. Rh8 Kg2 77. Rxh2+ Kxh2 1/2-1/2

[Event "New Delhi Parsvnath op 11th"]
[Site "New Delhi"]
[Date "2013.01.05"]
[Round "1"]
[White "Kayumov, Dimitry"]
[Black "Lokesh, P."]
[Result "0-1"]
[WhiteElo "2415"]
[BlackElo "2198"]
[PlyCount "68"]
[EventDate "2013.01.05"]
[EventType "swiss"]
[EventRounds "11"]
[EventCountry "IND"]
[SourceTitle "EXT 2014"]
[Source "ChessBase"]
[SourceDate "2013.11.20"]
[SourceVersion "1"]
[SourceVersionDate "2013.11.20"]
[SourceQuality "1"]

1. e4 c5 2. Nf3 d6 3. Bb5+ Bd7 4. Bxd7+ Qxd7 5. 0-0 Nc6 6. c3 Nf6 7. d4 cxd4 8. cxd4 e6 9. d5 Ne5 10. dxe6 fxe6 11. Nc3 Be7 12. Nd4 0-0 13. Qb3 d5 14. exd5 exd5 15. Bg5 Rad8 16. Rad1 Kh8 17. Rfe1 Nfg4 18. f4 Bxg5 19. fxg5 Qf7 20. Rf1 Qh5 21. h3 Ne3 22. Ne6 Nxf1 23. Nxf8 Ne3 24. Ne6 Re8 25. Re1 Nf3+ 26. gxf3 Qxf3 27. Re2 Qg3+ 28. Kh1 Qxh3+ 29. Kg1 Qg3+ 30. Kh1 Qh4+ 31. Kg1 Rxe6 32. Qxb7 Qxg5+ 33. Kf2 Qh4+ 34. Kf3 Qh3+ 0-1

[Event "Mumbai Mayors Cup 5th"]
[Site "Mumbai"]
[Date "2012.06.14"]
[Round "10"]
[White "Shivananda, BS."]
[Black "Lokesh, P."]
[Result "1/2-1/2"]
[WhiteElo "2363"]
[BlackElo "2231"]
[PlyCount "96"]
[EventDate "2012.06.07"]
[EventType "swiss"]
[EventRounds "11"]
[EventCountry "IND"]
[SourceTitle "CBM 148 Extra"]
[Source "ChessBase"]
[SourceDate "2012.06.22"]
[SourceVersion "1"]
[SourceVersionDate "2012.06.22"]
[SourceQuality "1"]

1. f4 d5 2. Nf3 Nf6 3. g3 c5 4. Bg2 e6 5. d3 Nc6 6. 0-0 Bd6 7. Qe1 d4 8. Na3 0-0 9. c3 dxc3 10. bxc3 Bc7 11. Rb1 Rb8 12. Kh1 b6 13. Nb5 Bb7 14. f5 exf5 15. Bg5 Bd6 16. Nh4 g6 17. e4 Be7 18. exf5 Ng4 19. Bf4 Bxh4 20. gxh4 Nce5 21. Qg3 Bxg2+ 22. Kxg2 a6 23. d4 cxd4 24. cxd4 Qd5+ 25. Kg1 axb5 26. dxe5 Qd4+ 27. Kg2 Qe4+ 28. Kg1 Qd4+ 29. Kh1 Qe4+ 30. Qg2 Nf2+ 31. Kg1 Qxf4 32. Rxf2 Qxe5 33. h5 Kh8 34. fxg6 fxg6 35. hxg6 Rxf2 36. g7+ Qxg7 37. Qxg7+ Kxg7 38. Kxf2 Ra8 39. Rxb5 Rxa2+ 40. Kg3 Ra3+ 41. Kg4 Ra4+ 42. Kg3 Ra6 43. h4 Kf6 44. Rh5 Kg6 45. Rg5+ Kf6 46. Rh5 Kg6 47. Rg5+ Kh6 48. Rb5 Kg6 1/2-1/2

[Event "Wch U20 50th"]
[Site "Chennai"]
[Date "2011.08.14"]
[Round "12"]
[White "Lokesh, P."]
[Black "Lokesh, N1111"]
[Result "1-0"]
[WhiteElo "2194"]
[BlackElo "2090"]
[PlyCount "103"]
[EventDate "2011.08.02"]
[EventType "swiss"]
[EventRounds "13"]
[EventCountry "IND"]
[SourceTitle "CBM 143 Extra"]
[Source "ChessBase"]
[SourceDate "2011.08.29"]
[SourceVersion "1"]
[SourceVersionDate "2011.08.29"]
[SourceQuality "1"]

1. d4 d5 2. Nc3 g6 3. e4 dxe4 4. Nxe4 Bg7 5. Be3 Qd5 6. Nc3 Qa5 7. Nf3 Bf5 8. Bc4 Nc6 9. 0-0 0-0-0 10. Qe2 Bg4 11. h3 Bxf3 12. Qxf3 Bxd4 13. Qxf7 Bxe3 14. Qe6+ Kb8 15. Qxe3 Nf6 16. Bb3 Qb4 17. Rfe1 Rhe8 18. Qg5 Nd4 19. Re5 Nd7 20. Re4 Nc5 21. Rxe7 Nce6 22. Rxe8 Rxe8 23. Qe5 Nxb3 24. axb3 Qc5 25. Re1 Qxe5 26. Rxe5 Kc8 27. Ne4 Ng7 28. Rxe8+ Nxe8 29. Kf1 Kd7 30. Ke2 b6 31. Ke3 h6 32. Nc3 Ke6 33. Nb5 a6 34. Nd4+ Kd5 35. Nf3 Nd6 36. g4 c5 37. Nh4 g5 38. Ng6 Ke6 39. f4 Kf6 40. Ne5 gxf4+ 41. Kxf4 Ke6 42. Nc4 Nc8 43. Ne3 Ne7 44. Nf5 Nd5+ 45. Ke4 Nf6+ 46. Kf3 Ng8 47. Kf4 b5 48. h4 a5 49. c4 bxc4 50. bxc4 a4 51. g5 hxg5+ 52. hxg5 1-0

[Event "Wch U20 50th"]
[Site "Chennai"]
[Date "2011.08.12"]
[Round "10"]
[White "Tomazini, Zan"]
[Black "Lokesh, P."]
[Result "1/2-1/2"]
[WhiteElo "2288"]
[BlackElo "2194"]
[PlyCount "125"]
[EventDate "2011.08.02"]
[EventType "swiss"]
[EventRounds "13"]
[EventCountry "IND"]
[SourceTitle "CBM 143 Extra"]
[Source "ChessBase"]
[SourceDate "2011.08.29"]
[SourceVersion "1"]
[SourceVersionDate "2011.08.29"]
[SourceQuality "1"]

1. e4 c5 2. c3 d5 3. exd5 Qxd5 4. d4 Nf6 5. Nf3 Bg4 6. Nbd2 Nc6 7. Bc4 Bxf3 8. Qb3 Na5 9. Qb5+ Qd7 10. Nxf3 Nxc4 11. Qxc4 cxd4 12. Nxd4 e6 13. Bg5 Rc8 14. Qe2 Be7 15. 0-0-0 Qd5 16. Bxf6 Bxf6 17. Nb5 Qg5+ 18. Kb1 0-0 19. Nd6 Rcd8 20. Qe4 Rb8 21. h4 Qc5 22. Qf3 Be7 23. Ne4 Qc6 24. h5 h6 25. g4 Rbd8 26. Qe3 f5 27. gxf5 exf5 28. Ng3 Bc5 29. Qe2 Rde8 30. Qc4+ Kh8 31. Qf4 Bb6 32. Rd6 Bc7 33. Rxc6 Bxf4 34. Rc5 Bxg3 35. fxg3 Rf7 36. Rf1 Ref8 37. Rf4 Kh7 38. Kc2 g6 39. hxg6+ Kxg6 40. Rd5 Re8 41. b4 h5 42. Kd2 Re6 43. a4 a6 44. c4 Rfe7 45. Rfxf5 Re2+ 46. Kd3 R7e3+ 47. Kd4 Rxg3 48. Rxh5 Rg4+ 49. Kd3 Ra2 50. Kc3 Rg3+ 51. Kd4 Rg4+ 52. Kc5 Rc2 53. Kb6 Rcxc4 54. a5 Rxb4+ 55. Ka7 Rgd4 56. Rdg5+ Kf6 57. Rg8 Rd7 58. Rh6+ Kf7 59. Rg5 b6+ 60. Kxa6 bxa5 61. Rh7+ Kf6 62. Rxd7 Kxg5 63. Kxa5 1/2-1/2

[Event "Wch U20 50th"]
[Site "Chennai"]
[Date "2011.08.06"]
[Round "5"]
[White "Lokesh, P."]
[Black "Sapozhnikov, Roman"]
[Result "0-1"]
[WhiteElo "2194"]
[BlackElo "2295"]
[PlyCount "54"]
[EventDate "2011.08.02"]
[EventType "swiss"]
[EventRounds "13"]
[EventCountry "IND"]
[SourceTitle "CBM 143 Extra"]
[Source "ChessBase"]
[SourceDate "2011.08.29"]
[SourceVersion "1"]
[SourceVersionDate "2011.08.29"]
[SourceQuality "1"]

1. e4 c5 2. Nf3 e6 3. d4 cxd4 4. Nxd4 Bc5 5. Nb3 Bb6 6. Bd3 Nc6 7. 0-0 Nge7 8. Nc3 0-0 9. Qe2 f5 10. exf5 Nxf5 11. Bxf5 Rxf5 12. Ne4 d5 13. Ng3 Rf7 14. Be3 e5 15. Bxb6 Qxb6 16. c4 Be6 17. cxd5 Bxd5 18. Nc1 e4 19. b3 Ne5 20. Qh5 e3 21. Qxe5 exf2+ 22. Kh1 Qc6 23. Ne4 Re8 24. Qg3 Rxe4 25. Nd3 Re3 26. Qg5 h6 27. Nb4 hxg5 0-1